Normal view MARC view

Entry Topical Term

Number of records used in: 6

001 - CONTROL NUMBER

  • control field: 15506

003 - CONTROL NUMBER IDENTIFIER

  • control field: OSt

005 - DATE AND TIME OF LATEST TRANSACTION

  • control field: 20260416101409.0

008 - FIXED-LENGTH DATA ELEMENTS

  • fixed length control field: 260416|| aca||aabn | a|a d

040 ## - CATALOGING SOURCE

  • Original cataloging agency: OSt
  • Transcribing agency: OSt

150 ## - HEADING--TOPICAL TERM

  • Topical term or geographic name entry element: Travel industry
  • Geographic subdivision: Dumaguete City

670 ## - SOURCE DATA FOUND

  • Source citation: Work cat.: (OSt)5742: Aranchado, John Ray 1517 author., Establishing of Wow Valencia :